Expert witnesses - their duties and responsibilities (Record no. 70391)
[ view plain ]
| 000 -LEADER | |
|---|---|
| fixed length control field | 01321cam a2200253 4500 |
| 001 - CONTROL NUMBER | |
| control field | ABS65505 |
| 008 - FIXED-LENGTH DATA ELEMENTS--GENERAL INFORMATION | |
| fixed length control field | 020529n2002 000 0 eng u |
| 035 ## - SYSTEM CONTROL NUMBER | |
| System control number | (Sirsi) u118213 |
| 100 ## - MAIN ENTRY--PERSONAL NAME | |
| Personal name | Cain, P |
| 245 ## - TITLE STATEMENT | |
| Title | Expert witnesses - their duties and responsibilities |
| 260 ## - PUBLICATION, DISTRIBUTION, ETC. | |
| Date of publication, distribution, etc. | 2002 |
| 490 ## - SERIES STATEMENT | |
| Series statement | Geomatics World |
| Volume/sequential designation | May/June 2002, 40-41(2) |
| 520 ## - SUMMARY, ETC. | |
| Summary, etc. | Explains how recent changes in legislation affects the evidence of expert witnesses and the impact of case law. The use of expert witnesses in most disputes involving land surveying and mapping has led to an examination of the experts' duties and responsibilities. Recent cases, such as "Pearce v Ove Arup", have highlighted the role an expert witness is expected to follow. Provides key points to keep in mind when acting as an expert witness and the relationship between the expert witness and the client. Mentions recent guidance and useful websites. |
| 590 ## - LOCAL NOTE (RLIN) | |
| Local note | ABS |
| 650 ## - SUBJECT ADDED ENTRY--TOPICAL TERM | |
| Topical term or geographic name entry element | EXPERT EVIDENCE |
| 650 ## - SUBJECT ADDED ENTRY--TOPICAL TERM | |
| Topical term or geographic name entry element | Boundary disputes |
| 9 (RLIN) | 6221 |
| 650 ## - SUBJECT ADDED ENTRY--TOPICAL TERM | |
| Topical term or geographic name entry element | PEARCE V OVE ARUP PARTNERSHIP LTD AND OTHERS |
| 650 ## - SUBJECT ADDED ENTRY--TOPICAL TERM | |
| Topical term or geographic name entry element | GUIDANCE |
| 650 ## - SUBJECT ADDED ENTRY--TOPICAL TERM | |
| Topical term or geographic name entry element | NATIONAL JUSTICE COMPANIA V PRUDENTIAL ASSURANCE CO LTD |
| 650 ## - SUBJECT ADDED ENTRY--TOPICAL TERM | |
| Topical term or geographic name entry element | NATIONAL JUSTICE COMPANIA V PRUDENTIAL ASSURANCE CO LTD |
| 690 ## - LOCAL SUBJECT ADDED ENTRY--TOPICAL TERM (OCLC, RLIN) | |
| Topical term or geographic name as entry element | DISPUTE RESOLUTION-EXPERT WITNESS |
| 700 ## - ADDED ENTRY--PERSONAL NAME | |
| Personal name | Twombley, J |
| 942 ## - ADDED ENTRY ELEMENTS (KOHA) | |
| Suppress in OPAC | 0 |
| Withdrawn status | Lost status | Source of classification or shelving scheme | Damaged status | Not for loan | Home library | Current library | Shelving location | Date acquired | Total Checkouts | Full call number | Barcode | Date last seen | Copy number | Price effective from | Koha item type |
|---|---|---|---|---|---|---|---|---|---|---|---|---|---|---|---|
| Dewey Decimal Classification | London | London | Journal article | 29/05/2002 | ABS65505 | 118213-1001 | 06/08/2019 | 1 | 06/08/2019 | Journal article |